header

Myth and fairy tale in contemporary women's fiction (Record no. 71708)

MARC details
000 -LEADER
fixed length control field 01844nam a2200433Ia 4500
082 04 - DEWEY DECIMAL CLASSIFICATION NUMBER
Classification number 820.9/15/08209045
100 1# - MAIN ENTRY--AUTHOR NAME
Personal name Sellers, Susan.
245 10 - TITLE STATEMENT
Title Myth and fairy tale in contemporary women's fiction
260 ## - PUBLICATION, DISTRIBUTION, ETC. (IMPRINT)
Place of publication Houndmills, Basingstoke ;
-- New York :
Name of publisher Palgrave,
Year of publication 2001.
300 ## - PHYSICAL DESCRIPTION
Number of Pages ix, 198 p.
650 #0 - SUBJECT ADDED ENTRY--TOPICAL TERM
Topical Term English fiction
Topical Term Myth in literature.
Topical Term Women and literature
Topical Term Women and literature
Topical Term American fiction
Topical Term English fiction
Topical Term American fiction
Topical Term Fairy tales
Topical Term Feminist fiction
Topical Term Feminism in literature.
Topical Term Women in literature.
856 40 - ELECTRONIC LOCATION AND ACCESS
Uniform Resource Identifier http://site.ebrary.com/lib/rucke/Doc?id=10057407

No items available.

© 2026 Rongo University
Contact us: librarian | system librarian | Rongo university